[Event "Mistrzostwa Woj. Podkarpackiego w szacha"]
[Site "Pstragowa"]
[Date "2015.??.??"]
[Round "1.1"]
[White "Czopor , Maciej"]
[Black "Dzwierzynski, Bartosz"]
[Result "1-0"]
[WhiteElo "1714"]
[BlackElo "1411"]
[PlyCount "69"]
[EventDate "2015.??.??"]

1. c4 e6 2. Nc3 c6 3. d4 d5 4. e4 f5 5. cxd5 cxd5 6. e5 g6 7. Nh3 Bg7 8. Nb5
Nh6 9. Nd6+ Kf8 10. Bg5 Qa5+ 11. Bd2 Qd8 12. Qc1 Nc6 13. Bxh6 Nxd4 14. Bxg7+
Kxg7 15. Qc3 Qb6 16. Rd1 Nc6 17. f4 Bd7 18. Be2 Ne7 19. Nf2 Nc8 20. Nxc8 Raxc8
21. Qd2 Rc7 22. O-O Rhc8 23. Rc1 a6 24. Rxc7 Qxc7 25. Nd3 Qc2 26. Qxc2 Rxc2 27.
Rc1 Rxe2 28. Rc7 Rd2 29. Rxd7+ Kh6 30. Nc5 Rxb2 31. Rxb7 Rxa2 32. Nxe6 Ra1+ 33.
Kf2 a5 34. Ng5 Kh5 35. e6 1-0

[Event "Mistrzostwa Woj. Podkarpackiego w szacha"]
[Site "Pstragowa"]
[Date "2015.??.??"]
[Round "1.3"]
[White "Babiarz, Mariusz"]
[Black "Babiarz, Arkadiusz"]
[Result "1/2-1/2"]
[WhiteElo "1912"]
[BlackElo "1471"]
[PlyCount "52"]
[EventDate "2015.??.??"]

1. d4 d5 2. Nc3 Nf6 3. Nf3 e6 4. Bg5 c5 5. e3 Nbd7 6. Be2 Qb6 7. Rb1 Be7 8. O-O
h6 9. Bh4 O-O 10. a3 Qa5 11. Re1 a6 12. Ne5 cxd4 13. Nxd7 Bxd7 14. exd4 Rac8
15. Bd3 b5 16. Ne2 Rc6 17. c3 Re8 18. Nc1 Bc8 19. Nb3 Qb6 20. Nd2 Nd7 21. Bxe7
Rxe7 22. Nf3 Bb7 23. Qd2 Qc7 24. Ne5 Nxe5 25. dxe5 Qd8 26. Qe3 Qf8 1/2-1/2

[Event "Mistrzostwa Woj. Podkarpackiego w szacha"]
[Site "Pstragowa"]
[Date "2015.??.??"]
[Round "1.4"]
[White "Jurkiewicz, Zuzanna"]
[Black "Mis, Mieszko"]
[Result "0-1"]
[WhiteElo "1457"]
[BlackElo "1819"]
[PlyCount "78"]
[EventDate "2015.??.??"]

1. e4 e6 2. d4 d5 3. e5 b6 4. Bd3 Ba6 5. Ne2 Bxd3 6. Qxd3 Qd7 7. O-O Ne7 8. Ng3
Nbc6 9. c3 h5 10. Qf3 h4 11. Nh5 Ng6 12. Bg5 Nce7 13. Qg4 O-O-O 14. Nd2 Re8 15.
Nb3 Nf5 16. a4 a5 17. Rfc1 Be7 18. Bd2 Rh7 19. c4 Reh8 20. Nf4 Nxf4 21. Bxf4 g5
22. Bxg5 Rg7 23. f4 dxc4 24. Rxc4 Bxg5 25. fxg5 Ne3 26. Qf3 Nd5 27. Rac1 Kb8
28. Nd2 Rxg5 29. Ne4 Rf5 30. Qg4 Ne3 31. Qg7 Rd8 32. Nf6 Rxf6 33. Qxf6 Qd5 34.
Qg5 Nxc4 35. Rxc4 Re8 36. b3 Qe4 37. Qc1 h3 38. Qf1 hxg2 39. Qxg2 Qe1+ 0-1

[Event "Mistrzostwa Woj. Podkarpackiego w szacha"]
[Site "Pstragowa"]
[Date "2015.??.??"]
[Round "1.5"]
[White "Gaj, Szymon"]
[Black "Kucharski, Bartlomiej"]
[Result "1-0"]
[WhiteElo "1753"]
[BlackElo "1454"]
[PlyCount "53"]
[EventDate "2015.??.??"]

1. d4 Nf6 2. c4 g6 3. Nc3 Bg7 4. e4 d6 5. Bd3 O-O 6. Nge2 Nc6 7. O-O e5 8. d5
Ne7 9. f4 h5 10. f5 Bd7 11. Ng3 c6 12. Kh1 cxd5 13. exd5 Qc8 14. Qc2 Kh7 15.
Bg5 Qe8 16. Bxf6 Bxf6 17. Nce4 Bh8 18. Nxd6 Qb8 19. fxg6+ fxg6 20. Rxf8 Qxf8
21. Rf1 Qd8 22. Rf7+ Bg7 23. Nxh5 Nf5 24. Nxf5 gxf5 25. Bxf5+ Bxf5 26. Qxf5+
Kh8 27. Rxg7 1-0

[Event "Mistrzostwa Woj. Podkarpackiego w szacha"]
[Site "Pstragowa"]
[Date "2015.??.??"]
[Round "1.6"]
[White "Kozak, Antoni"]
[Black "Swiech, Joanna"]
[Result "0-1"]
[WhiteElo "1440"]
[BlackElo "1729"]
[PlyCount "104"]
[EventDate "2015.??.??"]

1. Nf3 d5 2. c4 dxc4 3. e3 Nf6 4. Bxc4 Nc6 5. d4 e6 6. O-O Bd6 7. Nc3 O-O 8. e4
Na5 9. Bd3 Be7 10. Bg5 h6 11. Bh4 b6 12. Rc1 Bb7 13. Bb1 Rc8 14. Qd3 g6 15. Ne5
Nd7 16. Nxd7 Qxd7 17. Bxe7 Qxe7 18. f4 Rfd8 19. f5 exf5 20. exf5 Qg5 21. Ne4
Bxe4 22. Qxe4 Re8 23. Qc2 Qe3+ 24. Kh1 Qxd4 25. fxg6 fxg6 26. Qxg6+ Qg7 27.
Rxc7 Qxg6 28. Bxg6 Rxc7 29. Bxe8 Rc2 30. b4 Nc4 31. h3 Ne3 32. Rf3 Rc1+ 33. Kh2
Nf1+ 34. Rxf1 Rxf1 35. a4 Rf4 36. b5 Rxa4 37. Bc6 Kf7 38. Bb7 Ke7 39. g4 Ra3
40. Kg2 Rb3 41. Ba6 Kf6 42. h4 Ke5 43. g5 hxg5 44. hxg5 Kf5 45. Kf2 Kxg5 46.
Ke2 Kf4 47. Kd2 Ke5 48. Kc2 Rg3 49. Kb2 Kd6 50. Ka2 Kc5 51. Kb2 Kb4 52. Kb1 Ra3
0-1

[Event "Mistrzostwa Woj. Podkarpackiego w szach"]
[Site "Pstragowa"]
[Date "2015.??.??"]
[Round "1.1"]
[White "Branowski, Mieczyslaw Wiliam"]
[Black "Kozubal, Aleksandra"]
[Result "1-0"]
[WhiteElo "2159"]
[BlackElo "1554"]
[PlyCount "141"]
[EventDate "2015.??.??"]

1. d4 d5 2. c4 c6 3. Nf3 Nf6 4. Nc3 g6 5. cxd5 cxd5 6. Bf4 Nc6 7. e3 a6 8. Rc1
Bg7 9. Bd3 O-O 10. O-O Re8 11. Ne5 Nh5 12. Nxc6 bxc6 13. Bg5 Qd6 14. Be2 Nf6
15. Bf4 Qb4 16. Na4 Qb7 17. Be5 Bf5 18. b3 Nd7 19. Bxg7 Kxg7 20. Qd2 f6 21. g4
Be6 22. Qc3 Rec8 23. f4 Bf7 24. Rf2 Rc7 25. Qa5 Qa7 26. Nc5 Nxc5 27. Rxc5 Qb8
28. Qc3 Qb6 29. Bf3 e6 30. Rc2 Rac8 31. h4 h6 32. Rg2 Kh7 33. g5 fxg5 34. hxg5
h5 35. b4 Rb7 36. a3 Be8 37. Qd3 Kg7 38. Be2 Ra8 39. Ra5 Rba7 40. Bd1 Rc8 41.
Rc2 Qb7 42. Rcc5 Raa8 43. Be2 Qb6 44. Kf2 Rc7 45. Ra4 Bd7 46. Rca5 Bc8 47. Bd1
Rf7 48. Bc2 Rf5 49. Qd2 Rf7 50. Rc5 Bb7 51. Bd3 Qd8 52. Ke1 Rc7 53. Qc2 Qe8 54.
Raa5 h4 55. Qh2 Qf7 56. Qh3 Rcc8 57. Kf2 Rh8 58. Kg2 Bc8 59. Qf3 Rh5 60. Be2
Qf5 61. Ra4 h3+ 62. Kh2 Rh4 63. Rxc6 Kg8 64. Ra5 Qb1 65. Rac5 Bd7 66. Rc7 Rd8
67. Rxd5 exd5 68. Qxd5+ Kf8 69. Qd6+ Kg7 70. Qe7+ Kg8 71. Bc4+ 1-0

[Event "Mistrzostwa Woj. Podkarpackiego w szacha"]
[Site "Pstragowa"]
[Date "2015.??.??"]
[Round "1.8"]
[White "Stefanski, Adam"]
[Black "Nowakowski, Jacek"]
[Result "0-1"]
[WhiteElo "1313"]
[BlackElo "1677"]
[PlyCount "70"]
[EventDate "2015.??.??"]

1. e4 c5 2. f4 d6 3. Nc3 Nc6 4. d3 g6 5. g3 Bg7 6. Nf3 a6 7. Be3 Qb6 8. Qc1 e6
9. h4 Nf6 10. Bh3 Nd4 11. Rf1 e5 12. Bxc8 Rxc8 13. Ne2 Ng4 14. Bd2 c4 15. dxc4
Nxe2 16. Kxe2 Rxc4 17. Kd3 Qc6 18. Re1 Nf2+ 19. Ke2 Nxe4 20. c3 Nxg3+ 21. Kd1
Qxf3+ 22. Kc2 O-O 23. Re3 Qxf4 24. Rd3 Qf5 25. b3 Rxh4 26. Qe1 Rh1 27. Qxg3
Rxa1 28. Kb2 Rf1 29. Rxd6 Re8 30. Rd3 e4 31. Re3 Qf2 32. Qd6 Rd1 33. Kc2 Rxd2+
34. Qxd2 Qxd2+ 35. Kxd2 Bh6 0-1

[Event "Mistrzostwa Woj. Podkarpackiego w szacha"]
[Site "Pstragowa"]
[Date "2015.??.??"]
[Round "1.9"]
[White "Kadziela, Andrzej"]
[Black "Czernikowska, Laura"]
[Result "0-1"]
[WhiteElo "1561"]
[BlackElo "1175"]
[PlyCount "100"]
[EventDate "2015.??.??"]

1. Nh3 c5 2. f3 Nc6 3. Na3 e6 4. c3 d5 5. b3 e5 6. Nc2 Bxh3 7. e4 Be6 8. Bb5
Qb6 9. Ba4 Nf6 10. h4 a6 11. h5 h6 12. Qe2 Qc7 13. Bxc6+ bxc6 14. Bb2 dxe4 15.
O-O-O exf3 16. gxf3 Bd6 17. Rdg1 Rg8 18. Rh4 Qb6 19. c4 Qc7 20. Re4 Nxe4 21.
fxe4 a5 22. Rg3 Qe7 23. Ne1 Qh4 24. Qg2 Qf6 25. Nd3 Bd7 26. Rf3 Qe7 27. a4 Rb8
28. Kc2 Bc8 29. Qg3 f6 30. Nc1 Be6 31. Bc3 Ra8 32. Rd3 Bf7 33. Qg4 Qd7 34. Qf3
Qe6 35. Bb2 Rb8 36. Ba3 Rd8 37. Rc3 Rb8 38. Nd3 Qe7 39. Qe3 Bxh5 40. Nc1 g5 41.
Rd3 Rd8 42. Qh3 Bg6 43. Re3 h5 44. Qf1 h4 45. Qe1 Bh5 46. d3 Qc7 47. Bb2 Bf7
48. Bc3 Ra8 49. Rf3 Rg6 50. Qf2 Qe7 0-1

[Event "Mistrzostwa Woj. Podkarpackiego w szacha"]
[Site "Pstragowa"]
[Date "2015.??.??"]
[Round "1.2"]
[White "Wasik, Roman"]
[Black "Pulik, Krzysztof"]
[Result "0-1"]
[WhiteElo "1551"]
[BlackElo "2117"]
[PlyCount "122"]
[EventDate "2015.??.??"]

1. Nf3 d5 2. d4 e6 3. c4 c5 4. cxd5 exd5 5. Nc3 Nc6 6. Bf4 Nf6 7. e3 c4 8. Be2
Bb4 9. O-O Bxc3 10. bxc3 O-O 11. h3 Ne4 12. Qc2 g5 13. Bh2 Bf5 14. Qb2 b6 15.
Rac1 f6 16. Nd2 Nxd2 17. Qxd2 b5 18. g4 Bg6 19. Qb2 a6 20. Qa3 Qd7 21. Qc5 Rfe8
22. Bf3 Rad8 23. Bg2 Kg7 24. Qb6 Re6 25. Qc5 Ne7 26. Rfe1 Rc8 27. Qa3 Bd3 28.
f4 Be4 29. f5 Rb6 30. Bxe4 dxe4 31. Qa5 Nd5 32. Bg3 h5 33. Rb1 Qc6 34. Bf2 Rcb8
35. Re2 b4 36. cxb4 Nc3 37. Reb2 Rb5 38. Qa3 Nxb1 39. Rxb1 hxg4 40. hxg4 a5 41.
Qa4 c3 42. a3 Qc4 43. Rc1 R8b7 44. Qc2 axb4 45. axb4 Rxb4 46. Qxe4 Rc7 47. Be1
Rb3 48. Qe8 Qf7 49. Qe6 Qxe6 50. fxe6 c2 51. Bd2 Rb1 52. d5 Rxc1+ 53. Bxc1 Kf8
54. Kf2 Ke7 55. e4 Rc3 56. Ke2 Rg3 57. e5 fxe5 58. Kd2 Rxg4 59. Ba3+ Kd8 60.
Kxc2 Ra4 61. Bf8 Ke8 0-1